Av. 10 de julio Huamachuco
Guardat en:
| Autor principal: | |
|---|---|
| Format: | Llibre |
| Idioma: | espanyol |
| Publicat: |
Santiago
Uqbar
2007
|
| Edició: | 1a. ed |
| Col·lecció: | Novela
|
| Matèries: | |
| Etiquetes: |
Afegir etiqueta
Sense etiquetes, Sigues el primer a etiquetar aquest registre!
|
MARC
| LEADER | 00000nam a2200000 a 4500 | ||
|---|---|---|---|
| 001 | UCH1010 | ||
| 003 | CL-VaPUC | ||
| 008 | 090402e20070000CL |||||||||||||||||spa|d | ||
| 020 | |a 9789568601119 | ||
| 082 | 0 | 4 | |a Ch863 |b FER |2 21 |
| 100 | |a Fernández Silanes, Nona |e autora |9 535328 | ||
| 245 | 1 | 0 | |a Av. 10 de julio Huamachuco |
| 250 | |a 1a. ed | ||
| 300 | |a 261 p | ||
| 942 | |c BK | ||
| 945 | |d 20090402 00:00:00 |a cmena | ||
| 260 | |a Santiago |b Uqbar |c 2007 | ||
| 500 | |a Nona Fernández, nació en Santiago de Chile, en 1971. Es actriz, escritora y guionista. Sus cuentos han sido publicados en antologías. También ha obtenido diversas distinciones, entre las que destaca el primer lugar en los Juegos Literarios Gabriela Mistral 1995. En la actualidad combina su trabajo literario con el de guionista, destacándose en la escritura de series como Los Treinta y Alguien te Mira de TVN | ||
| 500 | |a Un recuerdo puede diluirse con el tiempo y dejar sólo la sensación, la idea, el concepto. Un recuerdo puede borarse a punta de calmantes, ansiolíticos, antidepresivos, somníferos, terapias, exceso de trabajo, mucha vida social y ocupaciones, pero hay cosas que se anclan a la memoria y que permanecen ahí esperando que uno tenga el valor suficiente para bucear en ellas. | ||
| 600 | 0 | 7 | |a FERNANDEZ, NONA |2 CL-VaPUC |9 535329 |
| 650 | 0 | |a Novelas chilenas |9 265425 | |
| 650 | 0 | |a Literatura chilena |9 308278 | |
| 583 | |a last modification |c 20090402 00:00:00 |k Rodrigo Vera | ||
| 490 | 0 | |a Novela | |
| 999 | |c 333111 |d 333109 | ||
| 952 | |0 0 |1 0 |4 0 |6 CH_863_000000000000000_FER_2007 |7 0 |8 A |9 421286 |a BIBEDU |b BIBEDU |c ES_NOD |d 2019-11-22 |i 4523679 |o Ch863 FER 2007 |p 4523679 |r 2023-08-09 |w 2019-11-22 |y BK |k LIT | ||
| 952 | |0 0 |1 0 |4 0 |6 CH_863_000000000000000_FER_2007 |7 0 |8 A |9 421287 |a BIBEDU |b BIBEDU |d 2019-11-22 |i 4523687 |l 1 |o Ch863 FER 2007 |p 4523687 |r 2023-10-04 |s 2023-10-04 |w 2019-11-22 |y BK |k LIT | ||